LIBRARY ONLINE CATALOGUE

Internet & World Wide Web : (Record no. 17518)

MARC details
000 -LEADER
fixed length control field 00830nam a22002652 4500
001 - CONTROL NUMBER
control field 0000024115
003 - CONTROL NUMBER IDENTIFIER
control field OSt
005 - DATE AND TIME OF LATEST TRANSACTION
control field 20190306115054.0
008 - FIXED-LENGTH DATA ELEMENTS--GENERAL INFORMATION
fixed length control field 130611s xx 000 0 eng d
020 ## - INTERNATIONAL STANDARD BOOK NUMBER
International Standard Book Number 0273764020 :
040 ## - CATALOGING SOURCE
Original cataloging agency KABU
Transcribing agency KABU
050 ## - LIBRARY OF CONGRESS CALL NUMBER
Classification number QA76.625
Item number .I58 2012 c. 1
100 1# - MAIN ENTRY--PERSONAL NAME
Personal name Deitel, Paul.
245 10 - TITLE STATEMENT
Title Internet & World Wide Web :
Remainder of title how to program /
Statement of responsibility, etc. Paul Deitel, Harvey Deitel, Abbey Deitel
250 ## - EDITION STATEMENT
Edition statement 5th ed.
260 ## - PUBLICATION, DISTRIBUTION, ETC. (IMPRINT)
Place of publication, distribution, etc. England :
Name of publisher, distributor, etc. Pearson Education Limited,
Date of publication, distribution, etc. 2012.
300 ## - PHYSICAL DESCRIPTION
Extent 955 p.
650 #0 - SUBJECT ADDED ENTRY--TOPICAL TERM
Topical term or geographic name as entry element Internet programming.
650 #0 - SUBJECT ADDED ENTRY--TOPICAL TERM
Topical term or geographic name as entry element World Wide Web.
700 1# - ADDED ENTRY--PERSONAL NAME
Personal name Deitel, Harvey.
700 1# - ADDED ENTRY--PERSONAL NAME
Personal name Deitel, Abbey
908 ## - PUT COMMAND PARAMETER (RLIN)
Put command parameter 130611
942 ## - ADDED ENTRY ELEMENTS (KOHA)
Source of classification or shelving scheme Library of Congress Classification
Koha item type General Collection
Classification part QA76.625
Item part .I58 2012 c. 1
Call number prefix KTC
Holdings
Withdrawn status Lost status Source of classification or shelving scheme Not for loan Home library Current library Date acquired Cost, normal purchase price Total Checkouts Full call number Barcode Date last seen Copy number Price effective from Koha item type
    Library of Congress Classification   Kabarak, Nakuru City Campus Kabarak, Nakuru City Campus 06/03/2019 4780.17   QA76.625 .I58 2012 c. 1 023042 21/03/2019 c. 1 06/03/2019 General Collection